Central Library OPAC University of Rajshahi

The Comedy of Acolastus / (Record no. 20298)

MARC details
000 -LEADER
fixed length control field 01162nam a2200301 a 4500
001 - CONTROL NUMBER
control field 20298
003 - CONTROL NUMBER IDENTIFIER
rucl marc code BD-RjUL
005 - DATE AND TIME OF LATEST TRANSACTION
control field 20211209000539.0
008 - FIXED-LENGTH DATA ELEMENTS--GENERAL INFORMATION
fixed length control field 140227s1937 enkh 001 1 eng d
035 ## - SYSTEM CONTROL NUMBER
System control number (BD-RjUL)20360
-- OCLC ocm17523753 from D950814M
040 ## - CATALOGING SOURCE
Original cataloging agency EIS
Transcribing agency EIS
Modifying agency EQO
-- BD-RjUL
Language of cataloging eng
041 ## - LANGUAGE CODE
Language code of text/sound track or separate title eng
082 00 - DEWEY DECIMAL CLASSIFICATION NUMBER
Classification number 820.8001
Author mark and year COM 1937
100 1# - MAIN ENTRY--PERSONAL NAME
Personal name Gnaphaeus, Gulielmus,
Dates associated with a name 1493-1568.
9 (RLIN) 62562
245 14 - TITLE STATEMENT
Title The Comedy of Acolastus /
Statement of responsibility, etc. translated from the Latin of Fullonius by John Palsgrave ; edited, with an introduction and notes by P. L. Carver.
246 14 - VARYING FORM OF TITLE
Title proper/short title Palsgrave's Acolastus
260 ## - PUBLICATION, DISTRIBUTION, ETC. (IMPRINT)
Place of publication, distribution, etc. London :
Name of publisher, distributor, etc. Published for the Early English Text Society by Humphrey Milford, Oxford University Press,
Date of publication, distribution, etc. 1937.
300 ## - PHYSICAL DESCRIPTION
Pagination civ, 312 p. :
Illustrations 1 facsim. ;
Size 23 cm.
490 1# - SERIES STATEMENT
Series statement Original series / Early English Text Society ;
Volume/sequential designation no. 202
504 ## - BIBLIOGRAPHY, ETC. NOTE
Bibliography, etc Includes glossary and index.
650 #0 - SUBJECT ADDED ENTRY--TOPICAL TERM
Topical term or geographic name as entry element Latin drama, Medieval and modern.
9 (RLIN) 62563
700 1# - ADDED ENTRY--PERSONAL NAME
Personal name Palsgrave, John,
Dates associated with a name -1554.
Personal name Carver, P. L.
830 #0 - SERIES ADDED ENTRY--UNIFORM TITLE
Volume number/sequential designation 202
830 #0 - SERIES ADDED ENTRY--UNIFORM TITLE
Uniform title Early English Text Society (Series).
942 ## - ADDED ENTRY ELEMENTS (KOHA)
Source of classification or shelving scheme Dewey Decimal Classification
Koha item type Books
Holdings
Lost status Source of classification or shelving scheme Damaged status Not for loan Collection code Permanent Location Current Location Shelving location Date acquired Source of acquisition Cost, normal purchase price Total Checkouts Full call number Date last seen Copy number Koha item type
  Dewey Decimal Classification   Not For Loan Fiction Central Library, University of Rajshahi Central Library, University of Rajshahi Reading Room 06/11/1956 Blackwell. 1.40   820.8001 COM 1937 27/02/2014 C-1 Books